| 000 | 00579nam a2200241 a 4500 | ||
|---|---|---|---|
| 001 | nice12345678 | ||
| 003 | IN_TiNIC | ||
| 005 | 20260116013841.0 | ||
| 008 | 050524s1985 dela grp 000 0 eng | ||
| 020 |
_a _c150 |
||
| 082 | 0 | 0 |
_a954.0252 _bMOH |
| 100 | _aMuhibbul Hasan, | ||
| 245 |
_aBabur _b Founder of the Mughal Empire in India |
||
| 260 |
_aDelhi _bManohar _c1985 |
||
| 300 | _a235p | ||
| 500 | _aincludes index and biblioraphy | ||
| 505 | 2 | _aIndex | |
| 650 | _aSamaveda | ||
| 700 | 1 | _aMuhibbul Hasan, | |
| 902 | _bSRS | ||
| 942 | _cBK | ||
| 999 |
_c12814 _d12814 |
||